Taylor Swift song - one word at the time #6 - Statistics

General Stats
  • This quiz has been taken 75 times
  • The average score is 231 of 362
Answer Stats
Answer % Correct
I
96%
I'll
96%
I've
96%
a
95%
A
95%
you
95%
You
95%
You're
95%
the
93%
The
93%
love
91%
me
89%
he
88%
to
88%
and
84%
And
84%
my
84%
we
84%
We
84%
of
82%
on
82%
be
79%
it
79%
It
79%
your
79%
Your
79%
Are
77%
ever
77%
life
75%
when
75%
When
75%
was
73%
in
71%
In
71%
they
71%
get
70%
go
70%
Never
70%
never
70%
time
70%
If
68%
loml
68%
loss
68%
us
68%
were
68%
had
66%
know
66%
like
66%
The Tortured Poets Department
66%
all
64%
All
64%
don't
64%
one
64%
then
64%
too
64%
at
63%
could
63%
Who's
63%
How
63%
legendary
63%
said
63%
What
63%
what
63%
Who's
63%
can't
61%
her
61%
I'm
61%
this
61%
for
59%
That
59%
Cause
57%
from
57%
it's
57%
out
57%
back
55%
just
55%
kiss
55%
let
55%
momentary
55%
Oh
55%
should've
55%
stay
55%
wish
55%
getting
54%
married
54%
Our
54%
see
54%
stop
54%
under
54%
bed
52%
before
52%
buried
52%
Girl
52%
gonna
52%
kids
52%
shit-talked
52%
something
52%
babe
50%
But
50%
dead
50%
mind
50%
steps
50%
table
50%
thought
50%
with
50%
almost
48%
anyway
48%
away
48%
die
48%
felt
48%
man
48%
roar
48%
About
46%
cemetery
46%
flames
46%
rings
46%
since
46%
Still
46%
still
46%
told
46%
unnecessary
46%
boy
45%
Dancing
45%
dreams
45%
glimpse
45%
killing
45%
leave
45%
lion
45%
make
45%
nick
45%
phantoms
45%
quite
45%
secondhand-embarred
45%
Talking
45%
talking
45%
terrace
45%
tie
45%
unrecall
45%
aglow
43%
alive
43%
coward
43%
lies
43%
safe
43%
takes
43%
tell
43%
than
43%
through
43%
truth
43%
until
43%
valiant
43%
waltzing
43%
better
41%
bland
41%
claimed
41%
cradles
41%
goodbye
41%
heaven
41%
hell
41%
into
41%
memories
41%
million
41%
once
41%
reformed
41%
rekindled
41%
Steal
41%
suit
41%
times
41%
took
41%
counterfeit's
39%
cry
39%
embroidered
39%
eyes
39%
fool
39%
hole
39%
ink
39%
Mr
39%
Stitching
39%
black
38%
bleeds
38%
fakes
38%
Ghost
38%
impressionist
38%
match
38%
paintings
38%
scheme
38%
starry-eyed
38%
turned
38%
Well
38%
white
38%
fate
36%
fire
36%
get-love-quick
36%
guy
36%
Holy
36%
low-down
36%
sells
36%
somber
36%
those
36%
winds
36%
arson's
34%
blew
34%
braids
34%
con
34%
plot
34%
stand-up
34%
twists
34%
combing
32%
engulfed
32%
dynamite
30%
cinephile
25%
fields
23%
No matching quizzes found
Score Distribution
Percent of People with Each Score
Percentile by Number Answered
Your Score History
You have not taken this quiz